000 00340nam a2200121Ia 4500
005 20260326235438.0
008 260326s9999||||xx |||||||||||||| ||und||
100 _aPalm, Erwin Walter
245 0 _aLos Monumentos Arquitectónicos de La Española /
_cErwin Walter Palm
260 _bSeix Barral
650 _aARQUITECTURA REGIONAL
942 _cBK
999 _c7291
_d7291